| 000 | 00487nam a2200181Ia 4500 | ||
|---|---|---|---|
| 005 | 20250508160447.0 | ||
| 008 | 008 250505s9999 xx 000 0 eng d | ||
| 037 | _aTextual | ||
| 040 |
_aFEDL _beng _cFEDL |
||
| 041 |
_aeng _2eng |
||
| 084 |
_aB, VEM _qFEDL |
||
| 100 |
_aNarla V R _943237 |
||
| 245 | 0 | _aMakers of Indian literature: Vemana | |
| 260 |
_aNew Delhi, India _bSahitya Akademi _c1969 |
||
| 300 | _a93p | ||
| 942 |
_cTEXL _hB, VEM |
||
| 999 |
_c1364732 _d1364732 |
||